000 00399nam a2200145Ia 4500
008 231129s1985||||xx |||||||||||||| ||spa||
020 _a84-345-7833-6
040 _bspa
082 _a745.4 S684d
100 _aSolanas Donoso Jesus
245 0 _aDiseño arte y función
260 _c1985
264 _aBarcelona España : Salvat Editores
942 _2ddc
_cBKS
999 _c9665
_d9665